000 00631nam a2200205Ia 4500
003 GCL
008 140319s9999 xx 000 0 ara d
040 _aGCL /
_cGCL
082 0 4 _a812
_bع ر
100 1 _aعلى سالم
245 1 0 _aالراجل اللى ضحك على الملايكة : كوميديا مصرية من ثلاث فصول /
_cعلى سالم
300 _a178 ص
490 _aمسرحيات عربية
_v0
650 0 4 _aالادب العربى
650 0 4 _aالقصص العربية
650 0 4 _aالمسرح
650 0 4 _aالمسرحيات
650 0 4 _aالقصة العربية
942 _2ddc
_cBK
999 _c41112
_d41112